| 000 | 00577nam a2200181 a 4500 | ||
|---|---|---|---|
| 005 | 20140414131911.0 | ||
| 008 | 100623s19uu xx 00 eng d | ||
| 020 | _a1561483605 | ||
| 050 |
_aM 220.9 _bAl2 2002 |
||
| 100 | _aAlexander, Pat | ||
| 245 | _aMy first bible. | ||
| 260 |
_aOxford, England : _bGood Books, _c2002. |
||
| 300 | _a480 | ||
| 520 | _aRetells Bible stories in simple language, from the genesis of our world to the revelation of a world that is to come. | ||
| 650 |
_aBible stories _xEnglish |
||
| 700 | _awith pictures by Leon Baxter | ||
| 999 |
_c111234 _d111234 |
||